| 000 | 01315ngm a2200229 a 4500 | ||
|---|---|---|---|
| 005 | 20240806064006.0 | ||
| 008 | 991125s1999 mx 059 aaspa u | ||
| 035 | _aUPN01000058773 | ||
| 049 | _aAV | ||
| 050 | 4 | _aPVI P 0777 | |
| 100 | 1 |
_aWoolf, Virginia, _d1882-1941 _930603 |
|
| 245 | 1 | 0 |
_aVirginia Woolf : _bla señora Dalloway / _cproducida y dir. por Kim Evans. |
| 260 |
_aMéxico : _bCanal 22 ; _bCNCA, _c1999. |
||
| 300 | _a1 videocasete (VHS) (59 min.). | ||
| 440 | 0 |
_aLiteratura. _pEl mundo moderno ; _v10 grandes escritores |
|
| 500 | _aReparto: Eileen Atkins (Virginia Woolf), Susan Tracy (Sra.Dalloway), John Castle (Peter Walsh), Robert Daws (Septimus Warren-Smith), Jenifer Landor (Lucrezia Warren-Smith), Eva Griffith (Clarisa Dalloway jóven), Gerard Logan | ||
| 500 | _aDona Kirsch (Sally Seton), Christina Greatrex (Lady Bradshaw). | ||
| 520 | _aLa película presenta la primera obra de Virginia Woolf, usando los diarios intercalados de la autora. La película refleja la estructura de la novela en su dinámica dentro y fuera de distintas mentes, de discursos y silencios, del pasado y del presente, mientras usa las propias palabras de Virginia Woolf para explicar lo que in | ||
| 600 | 1 | 0 |
_aWoolf, Virginia, _d1882-1941 _930603 |
| 650 | 4 |
_aLiteratura inglesa _95228 |
|
| 905 | _aAudiovisuales | ||
| 999 |
_c58773 _d58773 |
||